000 00330nam a2200133Ia 4500
005 20251222143244.0
008 251222s9999||||xx |||||||||||||| ||spa||
020 _a84-8169-428-2
082 _a492.4/L21
100 _aLambdin, Thomas O.
245 0 _aIntroducción al Hebreo Bíblico
264 _bEditorial Divino
942 _cLIB
999 _c14677
_d14677